<?xml version="1.0" encoding="UTF-8"?><?xml-stylesheet type="text/xsl" href="static/style.xsl"?><OAI-PMH xmlns="http://www.openarchives.org/OAI/2.0/" xmlns:xsi="http://www.w3.org/2001/XMLSchema-instance" xsi:schemaLocation="http://www.openarchives.org/OAI/2.0/ http://www.openarchives.org/OAI/2.0/OAI-PMH.xsd"><responseDate>2026-04-27T12:32:07Z</responseDate><request verb="GetRecord" identifier="oai:uvadoc.uva.es:10324/37601" metadataPrefix="marc">https://uvadoc.uva.es/oai/request</request><GetRecord><record><header><identifier>oai:uvadoc.uva.es:10324/37601</identifier><datestamp>2022-09-27T13:28:35Z</datestamp><setSpec>com_10324_35623</setSpec><setSpec>com_10324_5186</setSpec><setSpec>com_10324_29291</setSpec><setSpec>col_10324_37593</setSpec></header><metadata><record xmlns="http://www.loc.gov/MARC21/slim" xmlns:doc="http://www.lyncode.com/xoai" xmlns:xsi="http://www.w3.org/2001/XMLSchema-instance" xmlns:dcterms="http://purl.org/dc/terms/" xsi:schemaLocation="http://www.loc.gov/MARC21/slim http://www.loc.gov/standards/marcxml/schema/MARC21slim.xsd">
<leader>00925njm 22002777a 4500</leader>
<datafield tag="042" ind1=" " ind2=" ">
<subfield code="a">dc</subfield>
</datafield>
<datafield tag="720" ind1=" " ind2=" ">
<subfield code="a">García Peña, Lilia Leticia</subfield>
<subfield code="e">author</subfield>
</datafield>
<datafield tag="260" ind1=" " ind2=" ">
<subfield code="c">2015</subfield>
</datafield>
<datafield tag="520" ind1=" " ind2=" ">
<subfield code="a">La obra de Juan Rulfo sintetiza la realidad del campo mexicano, captura el contorno de las identidades individuales y de la estructura de la interacción social del mundo que tanto le preocupó y del que es intérprete indiscutible, pero también supo convertir en materia narrativa aquellas atmósferas que rebasan el contexto mexicano y social. En este trabajo abordaré el tema de la encrucijada en el imaginario simbólico de Pedro Páramo (1955) como expresión de una reelaboración del mito de Hermes, analizaré cómo la novela de Juan Rulfo muestra estos ecos herméticos y qué sentido estético y sociocultural tiene esta resonancia mítica.</subfield>
</datafield>
<datafield tag="024" ind2=" " ind1="8">
<subfield code="a">Ogigia. Revista Electrónica de Estudios Hispánicos; Núm. 18 (2015) pags. 129-143</subfield>
</datafield>
<datafield tag="024" ind2=" " ind1="8">
<subfield code="a">1887-3731</subfield>
</datafield>
<datafield tag="024" ind2=" " ind1="8">
<subfield code="a">http://uvadoc.uva.es/handle/10324/37601</subfield>
</datafield>
<datafield tag="024" ind2=" " ind1="8">
<subfield code="a">129</subfield>
</datafield>
<datafield tag="024" ind2=" " ind1="8">
<subfield code="a">18</subfield>
</datafield>
<datafield tag="024" ind2=" " ind1="8">
<subfield code="a">143</subfield>
</datafield>
<datafield tag="245" ind1="0" ind2="0">
<subfield code="a">La encrucijada en Pedro Páramo de Juan Rulfo</subfield>
</datafield>
</record></metadata></record></GetRecord></OAI-PMH>